000 00653nam a22001937a 4500
003 UA-OsUOA
001 9756
007 ta
008 20041130b un ||||| |||| 00| 0 ukr d
100 _aКейвендіш Маргарет Маргарет
700 _aгерцогиня Ньюкаслу
942 _cSA
040 _aUA-OsUOA
_cUA-OsUOA
_dUA-OsUOA
245 _aПолювання на зайця
_cМаргарет , герцогиня Ньюкаслу Кейвендіш Маргарет
300 _aС.104-106
955 _a0
773 0 _w0
_tСучасність
_dКиїв
_d2004
_g№11
650 7 _aХудожня література
_2UDC
999 _c295917
_d295917